000 01131nam0a22003011 4500
001 rc\4638618
005 20250612140104.0
021 _aRU
_b[63-51910]
035 _a(NLR Aleph) 008683938
090 _a9196420
_c9196420
100 _a20130416d1963 |||y0rusy50 ca
101 0 _arus
102 _aRU
105 _aa z |||||
200 1 _aКачество стали при непрерывной разливке
210 _aМосква
_cМеталлургиздат
_d1963
215 _a174 с.
_cил.
_d21
300 _aПеред загл. авт.: В.Т. Сладкоштеев, В.И. Ахтырский, Р.В. Потанин
320 _aБиблиогр.: с. 172-174 (59 назв.)
606 _aСталь
_xРазливка непрерывная
_2psbo
700 1 _aСладкоштеев
_bВ.Т.
_gВладимир Тимофеевич
701 1 _aАхтырский
_bВ.И.
_gВладимир Иванович
701 1 _aПотанин
_bР.В.
_gРуслан Васильевич
801 0 _aRU
_bNLR
_gpsbo
801 1 _aRU
_bELAR
_2rusmarc
852 _aNLR
_j63-5/3478
942 _cBOOK
980 _aNB